Metric structures in differential geometry /
Guardado en:
| Autor Principal: | |
|---|---|
| Formato: | Libro |
| Idioma: | English |
| Publicado: |
New York :
Springer,
c2004.
|
| Series: | Graduate texts in mathematics ;
224 |
| Materias: | |
| Acceso en línea: | Publisher description Table of contents only |
| Etiquetas: |
Agregar Etiqueta
Sin Etiquetas, Sea el primero en etiquetar este registro!
|
| LEADER | 00936cam a22002415a 4500 | ||
|---|---|---|---|
| 001 | MAT.inmabb006812 | ||
| 008 | 031007s2004####nyu######b####001#0#eng## | ||
| 005 | 20150625170001.0 | ||
| 245 | 1 | 0 | |a Metric structures in differential geometry / |c Gerard Walschap. |
| 260 | |a New York : |b Springer, |c c2004. | ||
| 300 | |a viii, 226 p. ; |c 25 cm. | ||
| 440 | 0 | |a Graduate texts in mathematics ; |v 224 | |
| 504 | |a Incluye referencias bibliográficas (p. 221-222) e índice. | ||
| 510 | 4 | |a MR, |c 2006e:53001 | |
| 020 | |a 038720430X (acid-free paper) | ||
| 100 | 1 | |a Walschap, Gerard, |d 1954- | |
| 650 | 0 | |a Geometry, Differential. | |
| 084 | |a 53-01 |2 msc2000 | ||
| 010 | |a 2003066219 | ||
| 040 | |a DLC |c DLC |d DLC | ||
| 856 | 4 | 2 | |3 Publisher description |u http://www.loc.gov/catdir/enhancements/fy0813/2003066219-d.html |
| 856 | 4 | 1 | |3 Table of contents only |u http://www.loc.gov/catdir/enhancements/fy0813/2003066219-t.html |
| 859 | |h 53 |i W222 |p A-8851 |b BIB. MATEMATICA | ||
